Pool Ball Colours - Statistics

General Stats
  • This quiz has been taken 225 times
  • The average score is 13 of 16
Answer Stats
Number Colour % Correct
1 Yellow
96%
3 Red
91%
8 Black
90%
2 Blue
90%
5 Orange
86%
4 Purple
86%
Cue Ball White
86%
6 Green
84%
10 Blue and white
81%
12 Purple and white
81%
9 Yellow and white
81%
14 Green and white
80%
13 Orange and white
79%
11 Red and white
79%
7 Brown
78%
15 Brown and white
77%
No matching quizzes found
Score Distribution
Percent of People with Each Score
Percentile by Number Answered
Your Score History
You have not taken this quiz